তজরীদুল বুখারী প্রথম খণ্ড, [মূলসহ বঙ্গানুবাদ]/ (Record no. 17989)

MARC details
000 -LEADER
fixed length control field 00948nam a22001937a 4500
003 - CONTROL NUMBER IDENTIFIER
control field BDDh-ASL
005 - DATE AND TIME OF LATEST TRANSACTION
control field 20231015025651.0
008 - FIXED-LENGTH DATA ELEMENTS--GENERAL INFORMATION
fixed length control field 200916b1958 ||||| |||| 00| 0 d
040 ## - CATALOGING SOURCE
Original cataloging agency BDDh-ASL
Transcribing agency BDDh-ASL
Modifying agency BDDh-ASL
041 ## - LANGUAGE CODE
Language code of text/sound track or separate title bengali
082 ## - DEWEY DECIMAL CLASSIFICATION NUMBER
Classification number 297.12
Item number AHT
100 1# - MAIN ENTRY--PERSONAL NAME
9 (RLIN) 820
Personal name যবীদী, আবূ-ল-আব্বাস যইনু-দ-দীন অহম্মদ
245 1# - TITLE STATEMENT
Title তজরীদুল বুখারী প্রথম খণ্ড, [মূলসহ বঙ্গানুবাদ]/
Statement of responsibility, etc. যবীদী, আবূ-ল-আব্বাস যইনু-দ-দীন অহম্মদ।
246 ## - VARYING FORM OF TITLE
Title proper/short title Tajridul Bukhari.
260 ## - PUBLICATION, DISTRIBUTION, ETC.
Place of publication, distribution, etc. ঢাকা:
Name of publisher, distributor, etc. বাঙলা একাডেমী,
Date of publication, distribution, etc. ১৯৫৮।
300 ## - PHYSICAL DESCRIPTION
Extent ৪৯৬ পৃষ্ঠা:
Dimensions ২৫ সে. মি.।
650 #0 - SUBJECT ADDED ENTRY--TOPICAL TERM
9 (RLIN) 798
Topical term or geographic name entry element ইসলামিক সমাজ ব্যবস্থা
General subdivision ইসলাম ধর্ম
942 ## - ADDED ENTRY ELEMENTS (KOHA)
Source of classification or shelving scheme Dewey Decimal Classification
Koha item type Books
Holdings
Withdrawn status Lost status Source of classification or shelving scheme Damaged status Not for loan Collection code Home library Current library Shelving location Date acquired Total Checkouts Full call number Barcode Date last seen Copy number Price effective from Koha item type Source of acquisition
    Dewey Decimal Classification Damaged Not For Loan Non-fiction Asiatic Society Library Asiatic Society Library General Stacks 09/16/2020   297.12 AHT 101131 09/16/2020 C-1 09/16/2020 Books  
    Dewey Decimal Classification       Asiatic Society Library Asiatic Society Library   09/17/2020   297.12 AHT 101156 09/17/2020 C-2 09/17/2020 Books Complementary

Powered by Koha